[Event "Karpos Open 2017"]
[Site "Skopje MKD"]
[Date "2017.04.07"]
[Round "8.14"]
[White "Urazayev,Arystanbek"]
[Black "Kozul,Z"]
[Result "1-0"]
[WhiteElo "2320"]
[BlackElo "2631"]

1.e4 c5 2.Nf3 e6 3.d4 cxd4 4.Nxd4 a6 5.Nc3 Qc7 6.Bd3 Nf6 7.f4 Bb4 8.O-O Bxc3
9.bxc3 Qxc3 10.Nb3 d6 11.Ba3 Nbd7 12.Bxd6 Nxe4 13.Bxe4 Qe3+ 14.Kh1 Qxe4 15.Re1
Qc6 16.Qd4 Nf6 17.Na5 Qd5 18.Qb4 Qb5 19.Qc3 Bd7 20.a4 Qh5 21.Re5 Qh4 22.h3 Rc8
23.Qd2 b6 24.Ba3 bxa5 25.Qd6 Nd5 26.Qxd5 Qd8 27.f5 Rc6 28.fxe6 fxe6 29.Rf1 Qc7
30.Re3 Kd8 31.Qg5+ Kc8 32.Qxg7 Rd8 33.Bb2 Rxc2 34.Be5 Qb7 35.Rf8 Be8 36.Qxb7+
Kxb7 37.Rg3 Rc5 38.Rg7+ Kc6 39.Bg3 Rf5 40.Rfg8 Rd7 41.Rg4 Bg6 42.Rc4+ Kb7
43.Rb8+ Ka7 44.Rcc8 Rf1+ 45.Kh2 Be4 46.Rb2 Bb7 47.Bb8+ Ka8 48.Re8 {#r} 1-0

[Event "Karpos Open 2017"]
[Site "Skopje MKD"]
[Date "2017.04.07"]
[Round "8.15"]
[White "Aleksandrov,A"]
[Black "Goriatchkin,J"]
[Result "1-0"]
[WhiteElo "2568"]
[BlackElo "2313"]

1.c4 e6 2.d4 d5 3.Nc3 Nf6 4.cxd5 exd5 5.Bg5 Be7 6.e3 c6 7.Bd3 Nbd7 8.Qc2 Nf8
9.Nge2 Ne6 10.Bh4 g6 11.f3 O-O 12.O-O Nh5 13.Bf2 f5 14.Kh1 Bh4 15.Bg1 b6 16.b4
Bb7 17.Qb3 Kh8 18.a4 Rb8 19.Rad1 a6 20.Bb1 Be7 21.Ba2 Qd6 22.b5 axb5 23.axb5
Nc7 24.bxc6 Bxc6 25.Bb1 b5 26.Bd3 Ra8 27.Ra1 Ra3 28.Rxa3 Qxa3 29.Qc2 b4 30.Nb1
Qa4 31.Rc1 Qxc2 32.Rxc2 Rf6 33.h3 Bb5 34.Bxb5 Nxb5 35.g4 fxg4 36.hxg4 Ng7
37.Nf4 Rd6 38.Rc8+ Bd8 39.Rb8 Nc7 40.Bh2 Na6 41.Ra8 Nc7 42.Rc8 Rd7 43.Nd3 Nce8
44.Nxb4 Ba5 45.Be5 Kg8 46.Nc6 Rb7 47.Na3 Rb3 48.Nc2 Rb1+ 49.Kg2 Rc1 50.Nxa5
{#r} 1-0

[Event "Karpos Open 2017"]
[Site "Skopje MKD"]
[Date "2017.04.07"]
[Round "8.17"]
[White "Lazov,Toni"]
[Black "Nguyen,P"]
[Result "0-1"]
[WhiteElo "2310"]
[BlackElo "2444"]

1.e4 g6 2.d4 Bg7 3.Nc3 d6 4.Bg5 a6 5.Qd2 b5 6.a4 b4 7.Nd5 a5 8.c3 c6 9.Ne3 Nf6
10.Bd3 O-O 11.f4 Ba6 12.Nf3 d5 13.Bxf6 exf6 14.exd5 cxd5 15.O-O bxc3 16.bxc3
Qd6 17.Rab1 Re8 18.Bxa6 Nxa6 19.g3 Re4 20.Rfe1 Rae8 21.Rb5 Nc7 22.Rxa5 Bf8
23.Kf2 Kg7 24.Rc5 Qd7 25.Ra5 Qe6 26.Ra7 Qb6 27.Rxc7 Qxc7 28.Nxd5 Qc4 29.Rxe4
Rxe4 30.Nb6 Qa6 31.Qc2 Re7 32.Nd5 Rb7 33.g4 Ba3 34.Kg3 Rb2 35.Qe4 Qf1 36.Nxf6
Re2 37.Qc6 Qf2+ 38.Kh3 Re3 39.Ne8+ Kf8 {#R} 0-1

[Event "Karpos Open 2017"]
[Site "Skopje MKD"]
[Date "2017.04.07"]
[Round "8.19"]
[White "Percivaldi,Martin"]
[Black "Erden,K"]
[Result "1-0"]
[WhiteElo "2429"]
[BlackElo "2245"]

1.d4 Nf6 2.c4 g6 3.Nc3 d5 4.Nf3 Bg7 5.Qa4+ Bd7 6.Qb3 dxc4 7.Qxc4 O-O 8.Bf4 c6
9.e4 Bg4 10.Be2 Nfd7 11.Rd1 Qc8 12.Be3 Na6 13.O-O e5 14.Nxe5 Nxe5 15.dxe5 Bxe2
16.Nxe2 Bxe5 17.f4 Bg7 18.f5 Be5 19.Bh6 Qc7 20.Bxf8 Rxf8 21.g3 b5 22.Qb3 Nc5
23.Qc2 Nd7 24.Kh1 Nf6 25.Ng1 c5 26.Nf3 c4 27.fxg6 fxg6 28.Nxe5 Qxe5 29.Rf4 Re8
30.Qf2 Nxe4 31.Qd4 g5 32.Qxe5 Rxe5 33.Rd8+ Kg7 34.Rd7+ Kg6 35.Rf8 a5 36.Rc7 a4
37.Rc6+ Kg7 38.Rb8 Nf6 39.Rb7+ Kg6 40.Rbb6 Rf5 41.g4 Rf4 42.h3 a3 43.bxa3 {#r}
1-0

[Event "Karpos Open 2017"]
[Site "Skopje MKD"]
[Date "2017.04.07"]
[Round "8.20"]
[White "Zlatanovic,B"]
[Black "Yordanov,Lachezar"]
[Result "1-0"]
[WhiteElo "2402"]
[BlackElo "2243"]

1.Nc3 d5 2.e4 dxe4 3.Nxe4 Bf5 4.Ng3 Bg6 5.Nf3 Nd7 6.d4 e6 7.Bc4 Ngf6 8.O-O Be7
9.Qe2 O-O 10.c3 c5 11.Rd1 Re8 12.dxc5 Bxc5 13.Be3 Bxe3 14.Qxe3 Qb6 15.Qxb6
Nxb6 16.Bb3 Red8 17.Ne5 Kf8 18.Kf1 Ke7 19.Ke2 Nfd5 20.Kf3 Rac8 21.Rd4 a5
22.Rad1 Nf6 23.Rxd8 Rxd8 24.Rxd8 Kxd8 25.Nxg6 hxg6 26.Ne4 Nxe4 27.Kxe4 Ke7
28.h4 Kd6 29.Kd3 Kc5 30.Bd1 Nd7 31.b3 b5 32.a3 Nb6 33.b4+ axb4 34.cxb4+ Kd6
35.Bb3 Ke5 36.g3 Kd6 37.Ke4 Kc6 38.Ke5 Nd7+ 39.Kf4 Nb6 40.Ke5 Nd7+ 41.Kf4 Nb6
42.Bxe6 fxe6 43.Kg5 {#r} 1-0

[Event "Karpos Open 2017"]
[Site "Skopje MKD"]
[Date "2017.04.07"]
[Round "8.21"]
[White "Tomazini,Z"]
[Black "Biljanic,L"]
[Result "1-0"]
[WhiteElo "2398"]
[BlackElo "2232"]

1.e4 d6 2.d4 Nf6 3.Nc3 c6 4.f4 g6 5.Nf3 Bg7 6.Bd3 Bg4 7.Be3 e5 8.h3 Bxf3
9.Qxf3 Nh5 10.fxe5 dxe5 11.O-O O-O 12.d5 Nf4 13.Bc4 Qc7 14.Rad1 cxd5 15.Bxd5
Nc6 16.Rf2 Rad8 17.Rdf1 Rd7 18.Qg4 h5 19.Qg3 Kh7 20.Kh1 Bh6 21.Bb3 Ne7 22.Ne2
g5 23.Qf3 h4 24.Bxf4 exf4 25.c3 Nc6 26.Qh5 Qe5 27.Bd5 Ne7 28.Rxf4 Nxd5
29.Rxf7+ Rfxf7 30.Rxf7+ Rxf7 31.Qxf7+ Kh8 32.Qxd5 {#r} 1-0

[Event "Karpos Open 2017"]
[Site "Skopje MKD"]
[Date "2017.04.07"]
[Round "8.23"]
[White "Saraci,Nderim"]
[Black "Kilic,Gokturk Kagan"]
[Result "1-0"]
[WhiteElo "2386"]
[BlackElo "1762"]

1.Nf3 Nf6 2.g3 g6 3.Bg2 Bg7 4.O-O O-O 5.d4 d5 6.c4 e6 7.Qc2 b6 8.cxd5 exd5
9.Nc3 Bb7 10.Bf4 a6 11.Rac1 Nc6 12.Rfd1 Nh5 13.Bg5 f6 14.Be3 Qd7 15.Nxd5 Qxd5
16.Ne1 Qxa2 17.Bxc6 Bxc6 18.Qxc6 f5 19.Nd3 Rac8 20.Ra1 Qb3 21.Rdc1 a5 22.Ra3
Qf7 23.Ra4 Qe7 24.Rac4 Rfd8 25.d5 Nf6 26.Bg5 h6 27.Bxf6 Qxf6 28.Qb7 Re8 29.e3
f4 30.Nxf4 Qxb2 31.Nxg6 Qf6 32.Nf4 Bf8 33.Rxc7 Rxc7 34.Qxc7 a4 35.Qd7 Re4
36.Ne6 Be7 37.Rc8+ Kh7 38.Re8 Rc4 {#r} 1-0

[Event "Polar Capital Jersey Open"]
[Site "St Clement Bay JCI"]
[Date "2017.04.07"]
[Round "8.4"]
[White "Hillarp Persson,T"]
[Black "Belzo,K"]
[Result "1-0"]
[WhiteElo "2503"]
[BlackElo "2059"]

1.d4 d5 2.c4 c6 3.Nf3 Nf6 4.Nc3 Bf5 5.Qb3 b6 6.cxd5 Nxd5 7.e4 Nxc3 8.exf5 Ne4
9.Bf4 Nd6 10.Rc1 g6 11.Ne5 Bg7 12.fxg6 hxg6 13.Bd3 e6 14.O-O Nf5 15.Bxf5 gxf5
16.Rfe1 Qd5 17.Qxd5 cxd5 18.Rc8+ Ke7 19.Rc7+ Kf8 20.Rxf7+ Kg8 21.Re7 Na6
22.Re3 Rc8 23.Rg3 Rh7 24.Bh6 Kh8 25.Rexg7 Rxh6 26.Nf7# 1-0

[Event "Polar Capital Jersey Open"]
[Site "St Clement Bay JCI"]
[Date "2017.04.07"]
[Round "8.5"]
[White "Resnjanskij,D"]
[Black "Klingher,Dominic"]
[Result "0-1"]
[WhiteElo "2042"]
[BlackElo "2116"]

1.d4 Nf6 2.Nf3 g6 3.c4 Bg7 4.Nc3 O-O 5.e4 d6 6.Be2 e5 7.h3 exd4 8.Nxd4 Re8
9.Bf3 Nxe4 10.Nxe4 f5 11.Bg5 Qxg5 {#R} 0-1

[Event "Polar Capital Jersey Open"]
[Site "St Clement Bay JCI"]
[Date "2017.04.07"]
[Round "8.6"]
[White "Hickman,J"]
[Black "Thalwitzer,D"]
[Result "0-1"]
[WhiteElo "1897"]
[BlackElo "2114"]

1.e4 c5 2.Nf3 d6 3.g3 Nc6 4.Bg2 Nf6 5.d3 g6 6.O-O Bg7 7.Nbd2 O-O 8.c3 b5 9.Re1
e5 10.a4 b4 11.Nc4 Ba6 12.Ne3 Rb8 13.Qc2 Qb6 14.Nd2 Na5 15.c4 Nc6 16.f4 exf4
17.gxf4 Bc8 18.Nf3 Nh5 19.Nd5 Qd8 20.Be3 Be6 21.Rad1 b3 22.Qf2 Bxd5 23.cxd5
Nb4 24.Re2 Nc2 25.Bc1 Rb4 26.Rxc2 bxc2 27.Qxc2 Qb6 28.a5 Qb5 29.d4 cxd4 30.Qc7
Qb8 31.Qxb8 Rfxb8 32.e5 d3 33.Rxd3 Nxf4 34.Bxf4 Rxf4 35.exd6 Bxb2 36.Nd2 f5
37.d7 Rd8 38.Nb3 Rxd7 39.Nc5 Rc7 40.d6 Rxc5 41.d7 Rc1+ 42.Bf1 Rfxf1+ 43.Kg2
Bf6 {#R} 0-1

[Event "Polar Capital Jersey Open"]
[Site "St Clement Bay JCI"]
[Date "2017.04.07"]
[Round "8.9"]
[White "Robertson,I"]
[Black "Spanton,T"]
[Result "1-0"]
[WhiteElo "2053"]
[BlackElo "1927"]

1.e4 e5 2.Nf3 Nc6 3.Bb5 Nf6 4.d3 Bc5 5.O-O Nd4 6.Nxd4 Bxd4 7.Nc3 c6 8.Bc4 O-O
9.Bg5 h6 10.Bh4 d6 11.a4 Be6 12.Ba2 Bxa2 13.Rxa2 g5 14.Bg3 Qd7 15.Ra3 Qg4
16.Rb3 Rab8 17.Ne2 Bb6 18.Kh1 h5 19.f3 Qe6 20.Qd2 Nh7 21.d4 f5 22.exf5 Qxf5
23.dxe5 h4 24.Bf2 Bxf2 25.Rxf2 dxe5 26.Ng1 Nf6 27.Re2 Nd5 28.Nh3 Rbd8 29.Qxg5+
Qxg5 30.Nxg5 Nf4 31.Re1 Rd2 32.Rxb7 Rfd8 33.h3 Nxg2 34.Rg1 Rd1 35.Rxd1 Rxd1+
36.Kxg2 Rd2+ 37.Kf1 Rd1+ 38.Ke2 Rg1 39.Ne4 Rh1 {#r} 1-0

[Event "Polar Capital Jersey Open"]
[Site "St Clement Bay JCI"]
[Date "2017.04.07"]
[Round "8.12"]
[White "Andersen,NielsE"]
[Black "Morriss,P"]
[Result "0-1"]
[WhiteElo "1900"]
[BlackElo "1972"]

1.Nf3 Nf6 2.g3 b5 3.Bg2 Bb7 4.O-O e6 5.b3 c5 6.Bb2 Be7 7.d3 d5 8.a4 a6 9.axb5
axb5 10.Rxa8 Bxa8 11.Nbd2 O-O 12.Qa1 Nc6 13.Ne5 Qb6 14.Ndf3 Bb7 15.Qb1 Ra8
16.Nxc6 Bxc6 17.Ne5 Bb7 18.Bc3 Bd6 19.Nf3 d4 20.Bd2 e5 21.e4 Ra6 22.Nh4 Qa7
23.h3 Ra2 24.Nf5 Bf8 25.Bg5 Nd7 26.Qd1 f6 27.Bd2 Bc8 28.Qb1 Nb6 29.Nh4 Be6
30.f4 c4 31.fxe5 cxd3 32.cxd3 Rxd2 33.exf6 Qa2 34.fxg7 Be7 35.Qxa2 Rxa2 36.Nf5
Bxf5 37.exf5 Kxg7 38.Rc1 Ra7 39.Rc6 Nd7 40.g4 Ne5 41.Rb6 Nxd3 42.Rxb5 Nf4
43.b4 d3 44.Ra5 Rxa5 45.bxa5 Nxg2 {#R} 0-1

[Event "Polar Capital Jersey Open"]
[Site "St Clement Bay JCI"]
[Date "2017.04.07"]
[Round "8.14"]
[White "Forbes,G"]
[Black "Boxal,G"]
[Result "1-0"]
[WhiteElo "1898"]
[BlackElo "1993"]

1.d4 Nf6 2.Nf3 d5 3.Bf4 Nh5 4.Bd2 Nc6 5.e3 e6 6.c4 Be7 7.Nc3 O-O 8.Be2 f5
9.O-O Nf6 10.Rc1 a6 11.a3 Ne4 12.cxd5 Nxd2 13.Qxd2 exd5 14.Nxd5 Bd6 15.Nc3 Ne7
16.Rfd1 Ng6 17.Na4 Rb8 18.Nc5 b6 19.Nxa6 Ra8 20.Nb4 Nh4 21.g3 Nxf3+ 22.Bxf3
Ra5 23.Nc6 Qg5 24.Nxa5 bxa5 25.Qxa5 Qg6 26.Bg2 h5 27.f4 h4 28.Kf2 hxg3+
29.hxg3 Re8 30.Re1 Bd7 31.Rxc7 Be6 32.Rc6 {#r} 1-0

[Event "3rd Ordu Open 2017"]
[Site "Ordu TUR"]
[Date "2017.04.07"]
[Round "5.2"]
[White "Klekowski,M"]
[Black "Nabaty,T"]
[Result "0-1"]
[WhiteElo "2467"]
[BlackElo "2636"]

1.c4 e6 2.Nc3 d5 3.d4 Nf6 4.cxd5 exd5 5.Bg5 c6 6.Qc2 Be6 7.e3 h6 8.Bh4 Nbd7
9.Bd3 g5 10.Bg3 Nh5 11.Nge2 Nxg3 12.Nxg3 h5 13.Bf5 Qf6 14.O-O-O h4 15.Bxe6
fxe6 16.Nge2 O-O-O 17.Rhf1 Kb8 18.Kb1 Bd6 19.h3 e5 20.Na4 e4 21.f3 exf3
22.Rxf3 Qe7 23.Rdf1 Rhg8 24.g4 hxg3 25.Nxg3 Bxg3 26.Rxg3 Rdf8 27.Rgf3 Rxf3
28.Rxf3 Rf8 29.Rxf8+ Qxf8 30.Qg2 Qf5+ 31.Kc1 Nf6 32.Qg3+ Kc8 33.Nc3 Kd7 34.Qb8
Qxh3 35.Qxb7+ Ke8 36.Qxc6+ Kf7 37.Kd2 Qg2+ 38.Ne2 Qf1 39.Qc7+ Kg6 40.Qd6 Qb1
41.a3 Qxb2+ 42.Ke1 Qb1+ 43.Kf2 Qf5+ 44.Kg2 Qc2 45.Kf1 Kf7 46.Qe5 Qd1+ {#R} 0-1

[Event "3rd Ordu Open 2017"]
[Site "Ordu TUR"]
[Date "2017.04.07"]
[Round "5.3"]
[White "Zubov,A UKR"]
[Black "Eminov,O"]
[Result "1-0"]
[WhiteElo "2600"]
[BlackElo "2229"]

1.d4 Nf6 2.g3 e6 3.c4 d5 4.Nf3 Be7 5.Bg2 O-O 6.Qc2 dxc4 7.Qxc4 a6 8.Qc2 c5
9.dxc5 Qa5+ 10.Qc3 Qxc5 11.Ne5 Nbd7 12.Nxd7 Nxd7 13.Be3 Qh5 14.Qc7 Bd8 15.Qd6
Ne5 16.Nc3 Re8 17.O-O-O Bf6 18.Qc5 Qf5 19.Be4 Qh3 20.Qc7 Ng4 21.Bb6 Qh6+
22.Kb1 Bxc3 23.Rd8 Bd7 24.Rxa8 Rxa8 25.Qxd7 Bf6 26.Rc1 Rf8 27.Rc8 g6 28.Bc5
Ne5 29.Bxf8 {#r} 1-0

[Event "3rd Ordu Open 2017"]
[Site "Ordu TUR"]
[Date "2017.04.07"]
[Round "5.4"]
[White "Sanikidze,T"]
[Black "Khamrakulov,D"]
[Result "0-1"]
[WhiteElo "2520"]
[BlackElo "2451"]

1.d4 Nf6 2.c4 e6 3.Nf3 c5 4.d5 b5 5.Bg5 b4 6.e4 d6 7.Bd3 Be7 8.Bf4 O-O 9.h3
Nh5 10.Bh2 Bg5 11.O-O Bf4 12.Re1 Bxh2+ 13.Kxh2 Nf4 14.g3 Nxd3 15.Qxd3 exd5
16.Qxd5 Qb6 17.Nbd2 Bb7 18.Qf5 g6 19.Qf4 Nd7 20.Rad1 Rae8 21.Nf1 Ne5 22.Nxe5
Rxe5 23.Ne3 Rxe4 24.Qxd6 f5 25.Qxb6 axb6 26.Nd5 Bxd5 27.cxd5 Rxe1 28.Rxe1 Rd8
29.Re5 Kf7 30.Kg2 Re8 31.f4 Rxe5 32.fxe5 c4 33.Kf3 g5 34.Ke3 b5 35.Kd4 Ke7
36.e6 Kd6 37.Ke3 c3 38.bxc3 bxc3 39.Kd3 b4 {#R} 0-1

[Event "3rd Ordu Open 2017"]
[Site "Ordu TUR"]
[Date "2017.04.07"]
[Round "5.7"]
[White "Bivol,A"]
[Black "Jojua,D"]
[Result "1-0"]
[WhiteElo "2383"]
[BlackElo "2587"]

1.Nf3 Nf6 2.g3 g6 3.Bg2 Bg7 4.O-O O-O 5.d4 d6 6.Nc3 Nbd7 7.e4 e5 8.Qe2 exd4
9.Nxd4 Re8 10.Be3 Nc5 11.f3 Bd7 12.Qf2 a6 13.Rad1 Qc8 14.Nde2 Ne6 15.g4 Bc6
16.Ng3 Nd7 17.Qd2 b5 18.b3 b4 19.Nce2 a5 20.Rf2 Qb7 21.Bf1 a4 22.h4 axb3
23.cxb3 Ra5 24.a4 d5 25.Nd4 Nxd4 26.Bxd4 Ne5 27.Qf4 Qc8 28.Rc2 Qe6 29.Be2 dxe4
30.fxe4 Qxb3 31.Rxc6 Nxc6 32.Bxg7 Kxg7 33.Nf5+ Rxf5 34.gxf5 Qc3 35.fxg6 hxg6
36.h5 gxh5 37.Rd3 Qc5+ 38.Kh1 Re6 39.Rd5 Qe7 40.Rxh5 Rg6 41.Bc4 Qd7 42.Bd5 Nd4
43.Qe5+ f6 44.Qh2 Qg4 45.Qxc7+ {#r} 1-0

[Event "3rd Ordu Open 2017"]
[Site "Ordu TUR"]
[Date "2017.04.07"]
[Round "5.8"]
[White "Karaokcu,Erkin"]
[Black "Quparadze,G"]
[Result "0-1"]
[WhiteElo "2173"]
[BlackElo "2520"]

1.e4 c5 2.Nf3 e6 3.b4 cxb4 4.d4 Nf6 5.Bd3 d5 6.e5 Ne4 7.O-O Be7 8.Qe1 Nc6
9.Bxe4 dxe4 10.Qxe4 O-O 11.a3 f5 12.exf6 Bxf6 13.Be3 Qd5 14.Nbd2 b6 15.axb4
Nxb4 16.c4 Qxe4 17.Nxe4 Bb7 18.Nxf6+ gxf6 19.Rfb1 a5 20.d5 exd5 21.Bxb6 dxc4
22.h4 Bxf3 23.gxf3 c3 24.Bxa5 Rfb8 25.Kh2 c2 26.Rg1+ Kf7 27.Bxb4 Rxa1 28.Rxa1
Rxb4 29.Ra7+ Ke6 30.Rc7 Rb2 31.Kg3 Kd6 32.Rc8 Kd5 33.Kf4 Rb4+ 34.Ke3 Rc4
35.Rxc4 Kxc4 36.Kd2 Kb3 37.Kc1 h5 38.f4 Kc3 39.f3 Kb3 {#R} 0-1

[Event "3rd Ordu Open 2017"]
[Site "Ordu TUR"]
[Date "2017.04.07"]
[Round "5.10"]
[White "Shanava,K"]
[Black "Iyti,B"]
[Result "1-0"]
[WhiteElo "2519"]
[BlackElo "2310"]

1.e4 g6 2.Nc3 Bg7 3.d4 d5 4.exd5 Nf6 5.Bc4 Nbd7 6.Nf3 O-O 7.O-O Nb6 8.Bb3 a5
9.a4 Nbxd5 10.Nxd5 Nxd5 11.Re1 Ra6 12.Bg5 Re6 13.Qd2 c6 14.h3 Qb6 15.Bxd5 cxd5
16.Bxe7 Re8 17.Bc5 Qd8 18.Rxe6 Bxe6 19.Re1 b6 20.Ba3 Qc7 21.Re2 Bd7 22.Rxe8+
Bxe8 23.b3 f6 24.Qe2 Kf7 25.Ne1 Bc6 26.Nd3 Bb7 27.Nf4 Qd7 28.c4 Bf8 29.Bxf8
Kxf8 30.c5 g5 31.Nh5 bxc5 32.Nxf6 Qf7 33.Qe5 cxd4 34.Nxh7+ Kg8 35.Nxg5 Qd7
36.Qxd4 Qf5 37.f4 Qb1+ 38.Kh2 Qxb3 39.Qf6 d4 40.Ne6 {#r} 1-0

[Event "3rd Ordu Open 2017"]
[Site "Ordu TUR"]
[Date "2017.04.07"]
[Round "6.2"]
[White "Nabaty,T"]
[Black "Khamrakulov,D"]
[Result "0-1"]
[WhiteElo "2636"]
[BlackElo "2451"]

1.e4 c6 2.Nc3 d5 3.Nf3 Bg4 4.h3 Bxf3 5.Qxf3 e6 6.d3 Nd7 7.Bd2 Qb6 8.O-O-O Bd6
9.g4 Ne7 10.h4 d4 11.Ne2 c5 12.Qh3 Qb5 13.f4 Nb6 14.c4 Qa4 15.Bg2 Qxa2 16.Kc2
Nxc4 17.dxc4 Qxc4+ 18.Nc3 dxc3 19.b3 Qa6 20.Qxc3 Qa2+ 21.Kd3 Bxf4 22.Bxf4 Qxg2
23.Ke3 f5 24.gxf5 exf5 25.Qc4 Qxe4+ 26.Qxe4 fxe4 27.Be5 O-O 28.Rhg1 Rf7 29.h5
Re8 30.Rg5 h6 31.Rg4 Nf5+ 32.Kxe4 Nd4 33.Rdg1 Kh8 34.Rg6 Nf3 {#R} 0-1

[Event "3rd Ordu Open 2017"]
[Site "Ordu TUR"]
[Date "2017.04.07"]
[Round "6.6"]
[White "Sanikidze,T"]
[Black "Manik,M"]
[Result "1-0"]
[WhiteElo "2520"]
[BlackElo "2415"]

1.d4 Nf6 2.Nc3 d5 3.Bf4 c5 4.e3 c4 5.e4 Nc6 6.e5 Ng8 7.Qd2 Bf5 8.Be2 e6 9.Nf3
Nge7 10.O-O h6 11.h3 g5 12.Be3 g4 13.hxg4 Bxg4 14.Nh2 Bxe2 15.Nxe2 Nf5 16.Ng4
Bg7 17.Ng3 Nxe3 18.Nxe3 Rg8 19.b3 c3 20.Qxc3 Qh4 21.Ne2 Bxe5 22.dxe5 d4 23.Qc4
a6 24.f3 O-O-O 25.c3 Kb8 26.Nxd4 Nxd4 27.cxd4 Rxd4 28.Qe2 Qg5 29.Rad1 Rh4
30.Ng4 Qf4 31.Qd2 Qg3 32.Qb4 Rh2 33.Rd2 Rh4 34.Rd7 {#r} 1-0

[Event "3rd Ordu Open 2017"]
[Site "Ordu TUR"]
[Date "2017.04.07"]
[Round "6.10"]
[White "Tologontegin,S"]
[Black "Eminov,O"]
[Result "1-0"]
[WhiteElo "2435"]
[BlackElo "2229"]

1.Nf3 c5 2.e3 g6 3.d4 Bg7 4.Bd3 d6 5.O-O Nf6 6.c4 O-O 7.Nc3 cxd4 8.exd4 Nbd7
9.Re1 b6 10.h3 Bb7 11.d5 a6 12.a4 Rc8 13.Bf1 Re8 14.Be3 Nc5 15.Nd4 Ba8 16.Qc2
Ncd7 17.Qd2 Ne5 18.b3 Ned7 19.Bh6 Bh8 20.Re3 Nc5 21.Rae1 Qd7 22.Be2 e5 23.dxe6
fxe6 24.Qd1 e5 25.Nf3 Rcd8 26.Ng5 Bg7 27.Bxg7 Kxg7 28.Bf3 Bxf3 29.Rxf3 Rf8
30.Nge4 Nfxe4 31.Nxe4 Ne6 32.Rd3 Nd4 33.Rxd4 exd4 34.Qxd4+ Kf7 35.Re3 d5
36.Rf3+ Ke6 37.Rf6+ {#r} 1-0

[Event "8th WLC Weekender 2017"]
[Site "Eindhoven NED"]
[Date "2017.04.07"]
[Round "1.1"]
[White "Dgebuadze,A"]
[Black "Simons,R"]
[Result "1-0"]
[WhiteElo "2520"]
[BlackElo "2032"]

1.e4 c5 2.Nc3 Nc6 3.Nge2 g6 4.g3 Bg7 5.Bg2 Rb8 6.O-O d6 7.d3 e5 8.Nd5 Nge7
9.Bg5 O-O 10.c3 f6 11.Nxe7+ Nxe7 12.Be3 Be6 13.Qd2 b6 14.d4 Qd7 15.f4 Bg4
16.Rf2 Rbd8 17.Raf1 Bh3 18.Bxh3 Qxh3 19.Qc2 Bh6 20.Qb3+ Kh8 21.Bc1 cxd4
22.cxd4 Rc8 23.fxe5 Bxc1 24.Nxc1 dxe5 25.dxe5 Qh6 26.exf6 Nf5 27.exf5 Rxc1
28.fxg6 Rxf1+ 29.Rxf1 Qxg6 30.f7 {#r} 1-0

[Event "8th WLC Weekender 2017"]
[Site "Eindhoven NED"]
[Date "2017.04.07"]
[Round "1.2"]
[White "Hilwerda,Jonas"]
[Black "Van Dooren,D"]
[Result "0-1"]
[WhiteElo "2011"]
[BlackElo "2338"]

1.e4 c5 2.c3 Nf6 3.e5 Nd5 4.d4 cxd4 5.Nf3 e6 6.cxd4 d6 7.Nc3 Nxc3 8.bxc3 Qc7
9.Bd2 Nd7 10.exd6 Bxd6 11.Bd3 h6 12.O-O O-O 13.Qe2 Re8 14.Qe4 Nf6 15.Qh4 Nd5
16.g3 Be7 17.Qe4 Nf6 18.Qf4 Qxf4 19.Bxf4 b6 20.Bb5 Bd7 21.Bxd7 Nxd7 22.c4 Rac8
23.Rac1 Red8 24.Rfd1 Ba3 25.Rc2 Nf6 26.Bc1 Be7 27.Bb2 b5 28.Rdc1 bxc4 29.Rxc4
Rxc4 30.Rxc4 Rb8 31.Bc3 Nd5 32.Ne5 Rb1+ 33.Kg2 Rc1 34.Bb2 Rb1 35.Bc3 f6 36.Nd3
Rd1 37.Nb2 Ra1 38.a4 Rb1 39.Nd3 Rb3 40.Rc8+ Kf7 {#R} 0-1

[Event "8th WLC Weekender 2017"]
[Site "Eindhoven NED"]
[Date "2017.04.07"]
[Round "1.3"]
[White "Brink,B"]
[Black "Faber,H FRA"]
[Result "1-0"]
[WhiteElo "2347"]
[BlackElo "2038"]

1.d4 Nf6 2.c4 g6 3.Nc3 Bg7 4.e4 d6 5.Be2 O-O 6.Be3 c6 7.Nf3 Nbd7 8.Nd2 e5 9.d5
cxd5 10.cxd5 Ne8 11.O-O f5 12.f3 Ndf6 13.a4 f4 14.Bf2 Nh5 15.Nc4 Qg5 16.Re1 a6
17.Kf1 Qh6 18.Qd2 g5 19.Nb6 Rb8 20.Rec1 g4 21.Nxc8 Rxc8 22.Bg1 Nef6 23.Rc2 Qg6
24.Rac1 Bh6 25.Qd3 Kh8 26.Nb1 Rxc2 27.Rxc2 Nxe4 28.Qxe4 Qxe4 29.fxe4 f3
30.gxf3 gxf3 31.Bd1 Nf6 32.Nc3 Ng4 33.h3 Ne3+ 34.Bxe3 Bxe3 35.Rh2 b5 36.axb5
axb5 37.Nxb5 f2 38.Nxd6 {#r} 1-0

[Event "8th WLC Weekender 2017"]
[Site "Eindhoven NED"]
[Date "2017.04.07"]
[Round "1.4"]
[White "Van Randtwijk,Mick"]
[Black "Lenaerts,L"]
[Result "0-1"]
[WhiteElo "2014"]
[BlackElo "2261"]

1.e4 e5 2.Nf3 Nc6 3.Bb5 a6 4.Ba4 g6 5.O-O Bg7 6.c3 d6 7.d4 Bd7 8.Re1 h6 9.dxe5
Nxe5 10.Nxe5 dxe5 11.Bxd7+ Qxd7 12.Qb3 O-O-O 13.Be3 f5 14.exf5 gxf5 15.Na3 Nf6
16.Nc4 Nd5 17.Rad1 Qb5 18.Bc1 Qxb3 19.axb3 Rhe8 20.Rxd5 Rxd5 21.Ne3 Rd7
22.Nxf5 h5 23.Nxg7 Rxg7 24.g3 Kd7 25.Kg2 Ke6 26.c4 Rd7 27.Be3 Rd3 28.b4 Kf5
29.b5 axb5 30.cxb5 Rb3 31.Rc1 Re7 32.b6 cxb6 33.Rc8 Rxb2 34.Rh8 b5 35.Rxh5+
Ke4 36.Bc5 Rf7 37.Rg5 Kd5 38.Be3 b4 39.h4 b3 40.h5 Rbxf2+ 41.Bxf2 b2 42.h6
b1=Q 43.Rg7 Qe4+ 44.Kg1 Rxg7 45.hxg7 Qg6 {#R} 0-1

[Event "8th WLC Weekender 2017"]
[Site "Eindhoven NED"]
[Date "2017.04.07"]
[Round "1.6"]
[White "Cebula,Jerzy"]
[Black "Van Meegen,R"]
[Result "0-1"]
[WhiteElo "1999"]
[BlackElo "2224"]

1.e4 c5 2.Nf3 g6 3.d4 cxd4 4.Nxd4 Bg7 5.Nc3 Nc6 6.Be3 Nf6 7.Nxc6 bxc6 8.e5 Ng8
9.f4 f6 10.Bd4 fxe5 11.fxe5 Qa5 12.e6 Nf6 13.exd7+ Bxd7 14.a3 O-O 15.Bc4+ Kh8
16.O-O Rad8 17.Qe2 Bf5 18.Qe3 Rxd4 19.Qxd4 Ng4 20.Qd2 Qc5+ {#R} 0-1

[Event "ch-GER Women 2017"]
[Site "Bad Wiessee GER"]
[Date "2017.04.07"]
[Round "8.1"]
[White "Ries,J"]
[Black "Schneider,Jana"]
[Result "0-1"]
[WhiteElo "1983"]
[BlackElo "2208"]

1.f4 d5 2.Nf3 Nf6 3.b3 Bf5 4.Bb2 e6 5.e3 h6 6.Nc3 Be7 7.Bd3 Bxd3 8.cxd3 O-O
9.O-O c5 10.d4 Na6 11.dxc5 Nxc5 12.d4 Nce4 13.Nxe4 dxe4 14.Ne5 Nd5 15.Qe2 Qe8
16.a3 f6 17.Ng4 Qh5 18.Rfe1 g5 19.fxg5 hxg5 20.Rac1 Bd6 21.Rc2 Kg7 22.h3 Qh7
23.Qb5 Kg6 24.Rc5 Rad8 25.Rf1 f5 26.Rxd5 exd5 27.Ne5+ Bxe5 28.dxe5 Qd7 29.Qc5
b6 30.Qd4 Qe6 31.g3 Rh8 32.g4 Rdf8 33.gxf5+ Rxf5 34.Rxf5 Kxf5 35.Qd1 Rxh3
36.Kg2 Qh6 37.Qf1+ Rf3 {#R} 0-1

[Event "ch-GER Women 2017"]
[Site "Bad Wiessee GER"]
[Date "2017.04.07"]
[Round "8.2"]
[White "Schleining,Z"]
[Black "Kluge,He"]
[Result "1-0"]
[WhiteElo "2346"]
[BlackElo "1940"]

1.d4 Nf6 2.Nf3 e6 3.g3 c5 4.Bg2 d5 5.O-O Nc6 6.c4 dxc4 7.dxc5 Qxd1 8.Rxd1 Bxc5
9.Nbd2 c3 10.bxc3 O-O 11.Nb3 Bb6 12.Ba3 Re8 13.Nfd4 Na5 14.Nxa5 Bxa5 15.c4 e5
16.Nb5 e4 17.Nd6 Re5 18.Bb2 Rc5 19.Bxf6 gxf6 20.Bxe4 Rb8 21.Bd5 Rc7 22.Ne8 Re7
23.Nxf6+ Kh8 24.Bf3 Bf5 25.Nd5 Re6 26.Ne3 Be4 27.Bxe4 Rxe4 28.Rd5 Bb6 29.c5
Bd8 30.Rb1 Be7 31.c6 b6 32.Rd7 Rc8 33.Nf5 Bc5 34.c7 Rxe2 35.Rd8+ Re8 36.Rxe8+
Rxe8 37.Rd1 {#r} 1-0

[Event "ch-GER Women 2017"]
[Site "Bad Wiessee GER"]
[Date "2017.04.07"]
[Round "8.3"]
[White "Michna,Mart"]
[Black "Zimmer,Elke"]
[Result "1-0"]
[WhiteElo "2383"]
[BlackElo "1938"]

1.Nf3 Nf6 2.g3 g6 3.Bg2 Bg7 4.O-O O-O 5.d3 d6 6.c4 c5 7.Nc3 Nc6 8.Rb1 Bd7 9.a3
a5 10.e3 Qc8 11.Re1 Bg4 12.Qc2 e5 13.Nd2 Rd8 14.b3 Rb8 15.Bb2 h6 16.Nb5 Bh3
17.Bh1 Ng4 18.Ne4 Qe6 19.Bc3 Qe7 20.Qd2 f5 21.f3 Nf6 22.Nf2 {#r} 1-0

[Event "ch-GER Women 2017"]
[Site "Bad Wiessee GER"]
[Date "2017.04.07"]
[Round "8.4"]
[White "Frey,Al"]
[Black "Osmanodja,F"]
[Result "0-1"]
[WhiteElo "2055"]
[BlackElo "2368"]

1.e4 e5 2.Nf3 Nc6 3.Bb5 a6 4.Ba4 Nf6 5.O-O b5 6.Bb3 Be7 7.Qe2 O-O 8.c3 d6 9.h3
Na5 10.Bc2 c5 11.Rd1 Qc7 12.d4 Bb7 13.d5 c4 14.Be3 Bc8 15.Nbd2 g6 16.Nf1 Nb7
17.Ng3 a5 18.Rdc1 Nc5 19.Nh2 Ba6 20.Qf3 b4 21.Bh6 Rfb8 22.Nf5 Bd8 23.Ng4 gxf5
24.exf5 Kh8 25.Ne3 Be7 26.g4 Ng8 27.f6 Nxh6 28.g5 Rg8 29.h4 e4 30.Qf4 Bd8
31.Kh2 Qd7 32.Rh1 Bc8 33.Kg2 Ng4 34.Nxc4 Ra6 35.Kf1 Qf5 36.Qg3 Qxd5 37.b3 Ne5
38.Ne3 Qe6 {#R} 0-1